000 00865cam a2200265 a 4500
999 _c4914
_d4914
001 2561228
003 OSt
005 20200222132535.0
008 950621s1996 nyua b 001 0 eng c
010 _a 95032421
020 _a0443089817
040 _aDNLM/DLC
_cDLC
_dDLC
082 _aWB356 C611l 1996
100 _aEdited by Petz, Lawrence D.;[et..al]
_913697
245 0 0 _aClinical Practice of Transfusion Medicine
250 _a3rd ed.
260 _aNew York;
_bChurchill Livingstone,
_c1996.
300 _axv, 1115 p. :
_bill. ;
_c26 cm.
504 _aIncludes bibliographical references and index.
650 1 2 _aMedicine
_9324
650 1 2 _aBlood Transfusion
_9350
906 _a7
_bcbc
_corignew
_d1
_eocip
_f19
_gy-gencatlg
942 _2z
_cO_SHELF